[Event "POL-chT 1st League"]
[Site "Leba"]
[Date "2023.10.01"]
[Round "9.3"]
[White "Toczek, Grzegorz"]
[Black "Padalka, Artem"]
[Result "1-0"]
[WhiteElo "2267"]
[BlackElo "2181"]
[PlyCount "59"]
[EventDate "2023.09.23"]
[EventType "team-swiss"]
[EventRounds "9"]
[EventCountry "POL"]
[SourceTitle "EXT 2024"]
[Source "ChessBase"]
[SourceDate "2023.10.10"]
[SourceVersion "1"]
[SourceVersionDate "2023.10.10"]
[SourceQuality "1"]
[WhiteTeam "Sedziszow Malopolski"]
[BlackTeam "Chylice Laura"]
[WhiteTeamCountry "POL"]
[BlackTeamCountry "POL"]

1. d4 Nf6 2. c4 g6 3. Nc3 d5 4. cxd5 Nxd5 5. e4 Nxc3 6. bxc3 Bg7 7. Bc4 c5 8. Ne2 Nc6 9. Be3 cxd4 10. cxd4 Qa5+ 11. Kf1 0-0 12. h4 h5 13. Rc1 Rd8 14. Qb3 e6 15. e5 Bd7 16. g4 hxg4 17. h5 Qb4 18. Qc2 Na5 19. hxg6 Nxc4 20. gxf7+ Kxf7 21. Nf4 Nxe3+ 22. fxe3 Rac8 23. Qg6+ Kf8 24. Re1 Qd2 25. Re2 Qc1+ 26. Kg2 Qc6+ 27. e4 Be8 28. Nxe6+ Ke7 29. Qxg7+ Bf7 30. Qf6+ 1-0

[Event "Warsaw Maciei Memorial"]
[Site "Warsaw"]
[Date "2023.07.10"]
[Round "3"]
[White "Sieciechowicz, Marcin"]
[Black "Padalka, Artem"]
[Result "1-0"]
[WhiteElo "2395"]
[BlackElo "2158"]
[PlyCount "87"]
[EventDate "2023.07.10"]
[EventType "swiss (blitz)"]
[EventRounds "11"]
[EventCountry "POL"]
[SourceTitle "CBM 215 Extra"]
[Source "ChessBase"]
[SourceDate "2023.09.30"]
[SourceVersion "1"]
[SourceVersionDate "2023.09.30"]
[SourceQuality "1"]

1. d4 Nf6 2. c4 c5 3. d5 g6 4. Nc3 Bg7 5. e4 0-0 6. Nf3 e6 7. Bd3 exd5 8. exd5 Re8+ 9. Be3 Bh6 10. 0-0 Bxe3 11. fxe3 Qe7 12. e4 d6 13. Qd2 Nbd7 14. Rae1 Kg7 15. h3 Ne5 16. Nxe5 Qxe5 17. Qf4 a6 18. Na4 Qxf4 19. Rxf4 Nd7 20. Ref1 f6 21. Be2 Rb8 22. Bg4 Rf8 23. Bxd7 Bxd7 24. Nb6 Be8 25. g4 g5 26. R4f2 Bg6 27. Nd7 Rbe8 28. Nxf8 Rxf8 29. b3 b5 30. cxb5 axb5 31. Kh2 b4 32. Kg3 Bxe4 33. Re1 Bxd5 34. Re7+ Kg6 35. Rd2 Bf7 36. Rxd6 h6 37. Rdd7 f5 38. Rd6+ Kg7 39. gxf5 Kg8 40. Rxh6 c4 41. bxc4 Bxc4 42. Rg6+ Kh8 43. f6 Bxa2 44. Rh6+ 1-0

[Event "Malakhatko Memorial op"]
[Site "Chess.com INT"]
[Date "2023.06.14"]
[Round "11"]
[White "Utkin, Sergiy"]
[Black "Padalka, Artem"]
[Result "0-1"]
[WhiteElo "1938"]
[BlackElo "2158"]
[PlyCount "66"]
[EventDate "2023.06.14"]
[EventType "swiss (blitz)"]
[EventRounds "11"]
[EventCountry "USA"]
[SourceTitle "CBM 214 Extra"]
[Source "ChessBase"]
[SourceDate "2023.07.31"]
[SourceVersion "1"]
[SourceVersionDate "2023.07.31"]
[SourceQuality "1"]

1. e4 c5 2. Nc3 g6 3. Nf3 Bg7 4. g3 Nc6 5. Bg2 d6 6. d3 Nf6 7. 0-0 Bg4 8. h3 Bxf3 9. Qxf3 Nd4 10. Qd1 0-0 11. Ne2 e5 12. c3 Nxe2+ 13. Qxe2 Nd7 14. f4 exf4 15. Bxf4 Ne5 16. Kh2 g5 17. Bd2 Ng6 18. Rf5 h6 19. Raf1 Be5 20. Qh5 Kg7 21. Be3 Qb6 22. Qe2 Qa6 23. Qd2 Kh7 24. Rxf7+ Bg7 25. e5 Nxe5 26. Be4+ Kh8 27. Rxf8+ Rxf8 28. Rxf8+ Bxf8 29. Qf2 Kg7 30. Qf5 Qxa2 31. Bxc5 Qxb2+ 32. Bf2 Be7 33. d4 Nc4 0-1

[Event "Titled Tuesday intern op 30th May Late"]
[Site "Chess.com INT"]
[Date "2023.05.30"]
[Round "7"]
[White "Morales Garcia, Sergio Joshafatt"]
[Black "Padalka, Artem"]
[Result "1-0"]
[WhiteElo "2221"]
[BlackElo "2158"]
[PlyCount "99"]
[EventDate "2023.05.30"]
[EventType "swiss (blitz)"]
[EventRounds "11"]
[EventCountry "USA"]
[SourceTitle "CBM 214 Extra"]
[Source "ChessBase"]
[SourceDate "2023.07.31"]
[SourceVersion "1"]
[SourceVersionDate "2023.07.31"]
[SourceQuality "1"]

1. e4 c5 2. Nf3 d6 3. Bb5+ Bd7 4. Bxd7+ Qxd7 5. c4 g6 6. d4 cxd4 7. Nxd4 Bg7 8. Nc3 Nc6 9. Be3 Nf6 10. h3 0-0 11. 0-0 Rfc8 12. b3 Nxd4 13. Bxd4 a6 14. e5 dxe5 15. Bxe5 Qc6 16. Qe2 Rd8 17. Rad1 Qe6 18. Bc7 Qxe2 19. Nxe2 Rdc8 20. Bb6 Rc6 21. Be3 b5 22. c5 Ne4 23. b4 a5 24. a3 axb4 25. axb4 Nc3 26. Nxc3 Bxc3 27. Bd2 Bf6 28. Rfe1 Kg7 29. Bf4 Ra4 30. Rb1 Bc3 31. Be5+ Bxe5 32. Rxe5 Kf6 33. Rd5 Rca6 34. Rb3 Ra3 35. Rxa3 Rxa3 36. c6 Rc3 37. Rc5 Rxc5 38. bxc5 Ke6 39. Kf1 f5 40. f4 h6 41. Ke2 g5 42. g3 b4 43. Kd3 b3 44. Kc3 h5 45. h4 gxh4 46. gxh4 Kd5 47. c7 Kxc5 48. c8Q+ Kd5 49. Qxf5+ Kd6 50. Qxh5 1-0

[Event "Titled Tuesday intern op 30th May Late"]
[Site "Chess.com INT"]
[Date "2023.05.30"]
[Round "8"]
[White "Padalka, Artem"]
[Black "Womacka, Mathias"]
[Result "1/2-1/2"]
[WhiteElo "2158"]
[BlackElo "2396"]
[PlyCount "77"]
[EventDate "2023.05.30"]
[EventType "swiss (blitz)"]
[EventRounds "11"]
[EventCountry "USA"]
[SourceTitle "CBM 214 Extra"]
[Source "ChessBase"]
[SourceDate "2023.07.31"]
[SourceVersion "1"]
[SourceVersionDate "2023.07.31"]
[SourceQuality "1"]

1. e4 c5 2. Nf3 d6 3. d4 cxd4 4. Nxd4 Nf6 5. Nc3 a6 6. Be2 e5 7. Nb3 Be7 8. 0-0 0-0 9. Be3 Be6 10. f4 exf4 11. Rxf4 Nc6 12. Qd2 Rc8 13. Raf1 b5 14. Nd5 Bxd5 15. exd5 Ne5 16. c3 Nfd7 17. a4 Bg5 18. Rb4 Bxe3+ 19. Qxe3 bxa4 20. Rxa4 Rb8 21. Nd4 Rxb2 22. Rxa6 Re8 23. Qf4 Nf6 24. c4 Qc7 25. Qc1 Rb4 26. Rxf6 gxf6 27. Nf5 Qc5+ 28. Kh1 Qf2 29. Nxd6 Qxe2 30. Nxe8 Nd3 31. Nxf6+ Kf8 32. Ra8+ Ke7 33. Re8+ Kxf6 34. Qh6+ Kf5 35. Qxh7+ Kf6 36. Qh6+ Kf5 37. Qh7+ Kf6 38. Qh8+ Kf5 39. Qh7+ 1/2-1/2

[Event "Warsaw Szansa op"]
[Site "Warsaw"]
[Date "2022.09.18"]
[Round "11"]
[White "Kokoszczynski, Jan"]
[Black "Padalka, Artem"]
[Result "1-0"]
[WhiteElo "2313"]
[BlackElo "2184"]
[PlyCount "97"]
[EventDate "2022.09.17"]
[EventType "swiss (rapid)"]
[EventRounds "11"]
[EventCountry "POL"]
[SourceTitle "EXT 2023"]
[Source "ChessBase"]
[SourceDate "2022.10.05"]
[SourceVersion "1"]
[SourceVersionDate "2022.10.05"]
[SourceQuality "1"]

1. d4 Nf6 2. c4 c5 3. d5 e6 4. Nc3 exd5 5. cxd5 d6 6. e4 g6 7. f4 Bg7 8. Bb5+ Nfd7 9. Nf3 a6 10. Bd3 b5 11. 0-0 0-0 12. Kh1 c4 13. Bc2 Nc5 14. Be3 Qc7 15. Bd4 f6 16. a3 Bg4 17. h3 Bxf3 18. Qxf3 Nbd7 19. Rae1 Rab8 20. h4 a5 21. h5 Ne5 22. Qg3 Ned3 23. Re3 Qf7 24. Bxc5 Nxc5 25. e5 fxe5 26. hxg6 Qf6 27. gxh7+ Kh8 28. f5 b4 29. axb4 Rxb4 30. Ne4 Nxe4 31. Rxe4 Rc8 32. Rg4 Rxb2 33. Rg6 Rxc2 34. Rxf6 Bxf6 35. Qg6 Rf8 36. g4 e4 37. g5 Be5 38. f6 Rh2+ 39. Kg1 Rxh7 40. Qxe4 c3 41. g6 Rg8 42. g7+ Rhxg7+ 43. fxg7+ Rxg7+ 44. Kf2 a4 45. Qxa4 Rh7 46. Qe8+ Kg7 47. Rg1+ Kf6 48. Qg6+ Ke7 49. Qxh7+ 1-0

[Event "POL-chT 1st League"]
[Site "Sypniewo"]
[Date "2022.09.03"]
[Round "1.1"]
[White "Jakubowski, Krzysztof"]
[Black "Padalka, Artem"]
[Result "1-0"]
[WhiteElo "2466"]
[BlackElo "2184"]
[PlyCount "80"]
[EventDate "2022.09.03"]
[EventType "team-swiss"]
[EventRounds "9"]
[EventCountry "POL"]
[SourceTitle "CBM 210 Extra"]
[Source "ChessBase"]
[SourceDate "2022.11.30"]
[SourceVersion "1"]
[SourceVersionDate "2022.11.30"]
[SourceQuality "1"]
[WhiteTeam "Raciborz Silesia"]
[BlackTeam "Chylice Laura"]
[WhiteTeamCountry "POL"]
[BlackTeamCountry "POL"]

1. e4 c5 2. Nc3 Nc6 3. Bb5 g6 4. Bxc6 dxc6 5. d3 Bg7 6. Be3 b6 7. f4 Nf6 8. h3 0-0 9. Nf3 Ne8 10. Qd2 f5 11. exf5 Bxf5 12. 0-0-0 Nc7 13. d4 Nd5 14. Ne5 Nb4 15. dxc5 Qc7 16. Qd4 Nxc2 17. cxb6 axb6 18. Qc4+ Kh8 19. Bf2 Qxe5 20. fxe5 Bh6+ 21. Rd2 Rfd8 22. Rhd1 Rxd2 23. Rxd2 Rd8 24. Nb1 c5 25. g4 Bd3 26. Qxd3 Rxd3 27. Kxc2 Rxh3 28. Re2 Bf4 29. Nc3 Rh2 30. e6 Kg7 31. Kd3 Rh3+ 32. Ke4 Bd6 33. Kd5 Kh6 34. Be3+ g5 35. Kc6 Bf4 36. Nd5 Bd6 37. Nxb6 Rg3 38. Nc8 Bf4 39. Nxe7 Rxg4 40. Bxc5 Kh5 1-0

[Event "Warsaw Chess op-A"]
[Site "Warsaw"]
[Date "2022.07.24"]
[Round "8"]
[White "Janeczko, Jakub"]
[Black "Padalka, Artem"]
[Result "0-1"]
[WhiteElo "2080"]
[BlackElo "2204"]
[PlyCount "145"]
[EventDate "2022.07.18"]
[EventType "swiss"]
[EventRounds "9"]
[EventCountry "POL"]
[SourceTitle "CBM 209 Extra"]
[Source "ChessBase"]
[SourceDate "2022.09.30"]
[SourceVersion "1"]
[SourceVersionDate "2022.09.30"]
[SourceQuality "1"]

1. e4 c5 2. Nf3 d6 3. d4 cxd4 4. Nxd4 Nf6 5. Nc3 g6 6. Be3 Bg7 7. f3 0-0 8. Qd2 Nc6 9. g4 h5 10. g5 Nd7 11. h4 Nde5 12. Be2 Na5 13. 0-0-0 Nac4 14. Bxc4 Nxc4 15. Qe2 Nxe3 16. Qxe3 Be6 17. f4 Qa5 18. Nxe6 fxe6 19. Qh3 Kf7 20. e5 dxe5 21. fxe5 Qxe5 22. Rhe1 Qf4+ 23. Kb1 Qg4 24. Qd3 Bxc3 25. Rf1+ Kg8 26. bxc3 Rf5 27. Qd7 Qe2 28. Rfe1 Qb5+ 29. Kc1 Qxd7 30. Rxd7 Kf7 31. Re4 b5 32. c4 a6 33. Red4 Rc8 34. cxb5 axb5 35. Rb7 Ke8 36. Rdd7 Rf7 37. Rd2 Rf5 38. Rdd7 Rf7 39. Rd2 Kf8 40. Rb6 Rf4 41. Rxe6 Kf7 42. Rde2 Rc7 43. R6e4 Rf5 44. Kb2 Rfc5 45. Rf2+ Ke8 46. Re6 R7c6 47. Rfe2 Rxc2+ 48. Kb3 Rxe6 49. Rxe6 Rc4 50. Rxg6 Rxh4 51. Rb6 b4 52. Rh6 Kf7 53. a3 bxa3 54. Kxa3 Rc4 55. Kb3 Rc5 56. Rxh5 Kg6 57. Rh8 Kxg5 58. Rf8 e5 59. Kb2 e4 60. Kb1 Kg4 61. Rf7 e3 62. Rf8 Kg3 63. Kb2 Rc4 64. Re8 Kf3 65. Rf8+ Rf4 66. Rh8 e2 67. Rh3+ Kg2 68. Re3 Kf2 69. Re8 e1Q 70. Rxe1 Kxe1 71. Kc3 Ke2 72. Kb3 Kd2 73. Kb2 0-1

[Event "Warsaw Chess op-A"]
[Site "Warsaw"]
[Date "2022.07.22"]
[Round "5"]
[White "Padalka, Artem"]
[Black "Starosta, Martyna"]
[Result "1-0"]
[WhiteElo "2204"]
[BlackElo "1918"]
[PlyCount "63"]
[EventDate "2022.07.18"]
[EventType "swiss"]
[EventRounds "9"]
[EventCountry "POL"]
[SourceTitle "CBM 209 Extra"]
[Source "ChessBase"]
[SourceDate "2022.09.30"]
[SourceVersion "1"]
[SourceVersionDate "2022.09.30"]
[SourceQuality "1"]

1. Nf3 Nf6 2. c4 e6 3. d4 Bb4+ 4. Bd2 Qe7 5. g3 Bxd2+ 6. Nbxd2 d6 7. Bg2 0-0 8. 0-0 e5 9. e4 Nc6 10. d5 Nb8 11. Ne1 a5 12. b3 Na6 13. a3 Bd7 14. Qb1 Rfb8 15. Nd3 h5 16. Qc2 b5 17. f4 exf4 18. gxf4 Ng4 19. Rae1 Ra7 20. Nf3 bxc4 21. bxc4 Rab7 22. h3 Nh6 23. e5 Nc5 24. Nxc5 dxc5 25. e6 fxe6 26. Ng5 Rb2 27. Qh7+ Kf8 28. Qh8+ Ng8 29. Nh7+ Kf7 30. dxe6+ Kg6 31. Be4+ Kh6 32. Ng5# 1-0

[Event "Warsaw Najdorf Memorial op-A"]
[Site "Warsaw"]
[Date "2022.07.15"]
[Round "7"]
[White "Backiel, Hubert"]
[Black "Padalka, Artem"]
[Result "1-0"]
[WhiteElo "2045"]
[BlackElo "2204"]
[PlyCount "127"]
[EventDate "2022.07.09"]
[EventType "swiss"]
[EventRounds "9"]
[EventCountry "POL"]
[SourceTitle "CBM 209 Extra"]
[Source "ChessBase"]
[SourceDate "2022.09.30"]
[SourceVersion "1"]
[SourceVersionDate "2022.09.30"]
[SourceQuality "1"]

1. d4 Nf6 2. c4 g6 3. Nc3 Bg7 4. e4 0-0 5. Be3 d6 6. h3 c5 7. Nf3 cxd4 8. Nxd4 Nc6 9. Be2 Bd7 10. 0-0 Nxd4 11. Bxd4 Bc6 12. Qd3 a5 13. Rad1 Nd7 14. Bxg7 Kxg7 15. Kh1 Qb6 16. Rd2 Ne5 17. Nd5 Bxd5 18. Qxd5 Nc6 19. a3 a4 20. f4 Ra5 21. Qd3 Rc5 22. Rfd1 f6 23. Qc3 Rc8 24. Rd5 Na5 25. e5 Nxc4 26. exf6+ exf6 27. Bxc4 Rxc4 28. Qe1 R8c7 29. Rxd6 Qb5 30. Qe6 Qf5 31. Rd7+ Kh6 32. Qxf5 gxf5 33. Rxc7 Rxc7 34. Rd4 Rc2 35. Rb4 Kg6 36. Kh2 h5 37. Rxb7 Re2 38. Kg3 Re3+ 39. Kf2 Rd3 40. Ke2 Rg3 41. Kf2 h4 42. Rb4 Rd3 43. Ke2 Rg3 44. Kf1 Rd3 45. Rxa4 Rd2 46. Rb4 Kf7 47. a4 Rd1+ 48. Ke2 Rg1 49. Kf2 Ra1 50. b3 Ke6 51. Rb5 Ra2+ 52. Kf3 Rc2 53. a5 Rc3+ 54. Kf2 Rc2+ 55. Kg1 Rc1+ 56. Kh2 Ra1 57. b4 Ra4 58. Rb6+ Kd5 59. a6 Ke4 60. b5 Kxf4 61. Rxf6 Ra5 62. Rf8 Ke5 63. b6 Rxa6 64. b7 1-0